000 005990000a22001210004500
100 1 _aSaravia Ríos, Elizabeth
245 1 0 _aMemoria enlatada : Nuevo centro de conservación para Bogotá
300 _aVol.0, núm.10 (Julio, 2006), Página 23
500 _aPeriodista y especialista en gestión cultural.
520 _aLa fundación Patrimonio Fílmico Colombiano se ha encargado de preservar un acervo de 180.000 documentos visuales y el próximo año la ciudad contará con un Centro de Conservación de Registros Audiovisuales.
773 0 _tArcadia / Andrés Felipe Solano, Editor
942 _cANA
999 _c61802
_d61802